Statistics for Movies by Questionable Premise

Click here to take the quiz!

General Stats

  • This quiz has been taken 1,506 times
  • The average score is 5 of 20

Answer Stats

HintAnswer% Correct
Advanced alien race whose most powerful weapon is a hammer.Thor
65%
Sensitive 100 year old virgin enrolls in high school to hit on underage girls.Twilight
56%
Based on a video game about plumbers who jump on mushrooms.Super Mario Bros.
44%
America's greatest president battles the undead.Abraham Lincoln: Vampire Hunter
35%
A popular 80s toy and the worst director of his generation.Transformers
35%
Puppeteer finds portal into head of hammy real life Hollywood actor.Being John Malkovich
34%
Jack Black discovers that all grotesquely fat people are beautiful inside.Shallow Hal
34%
Based on a game about guessing random number/letter combinations.Battleship
22%
Star of children's TV show cast in big budget NC-17 stripper movie.Showgirls
21%
Heroine redesigned as dominatrix battles woman with untested skin cream.Catwoman
19%
Big screen version of the game Rock 'em Sock 'em Robots.Real Steel
18%
Arm wrestling.Over the Top
14%
Remember those terrible 80s action movies? This is just like them!The Expendables
14%
Like the above except they decided to make it much worse.Transformers: Revenge of the Fallen
14%
This superhero franchise was dying- let's make it super campy and gay.Batman and Robin
13%
Shambling, oafish zombie of classic fiction reimagined as action movie star.I, Frankenstein
7%
Animated musical about genocidal pervert and child abuse victim. For kids!The Hunchback of Notre Dame
3%
Mobster kidnaps retard to take him "to the Baywatch."Gigli
2%
Martians kidnap Santa Claus.Santa Claus Conquers the Martians
2%
Based on a theme park attraction with kitschy singing animals.The Country Bears
2%

Score Distribution

Percentile by Number Answered

Percent of People with Each Score

Your Score History

You have not taken this quiz